[Event "Mittelrhein Regionalliga 18/19"]
[Site "Nordrheinwestfalen"]
[Date "2019.05.19"]
[Round "11.5"]
[White "Weber, Peter"]
[Black "Schaefer, Juergen"]
[Result "1-0"]
[WhiteElo "2105"]
[BlackElo "2129"]
[PlyCount "59"]
[EventDate "2018.10.28"]
[EventType "team-tourn"]
[EventRounds "11"]
[EventCountry "GER"]
[SourceTitle "EXT 2022"]
[Source "ChessBase"]
[SourceDate "2021.10.06"]
[SourceVersion "1"]
[SourceVersionDate "2021.10.06"]
[SourceQuality "1"]
[WhiteTeam "Langenfeld"]
[BlackTeam "Bruehl"]
[WhiteTeamCountry "GER"]
[BlackTeamCountry "GER"]

1. e4 g6 2. d4 Bg7 3. Nc3 d6 4. f4 a6 5. Nf3 b5 6. Be3 Bb7 7. Bd3 Nf6 8. a3 Nbd7 9. e5 Nd5 10. Nxd5 Bxd5 11. 0-0 e6 12. Ng5 h6 13. Ne4 Bxe4 14. Bxe4 d5 15. Bd3 Nb6 16. b3 Bf8 17. g4 Be7 18. f5 gxf5 19. gxf5 Bg5 20. Qd2 Rg8 21. Kh1 Kd7 22. fxe6+ fxe6 23. Rf7+ Kc6 24. Raf1 Kb7 25. Bxg5 hxg5 26. Qf2 Nd7 27. c4 Nb6 28. c5 Nd7 29. a4 c6 30. Qf6 1-0

[Event "Mittelrhein Regionalliga 18/19"]
[Site "Nordrheinwestfalen"]
[Date "2019.04.07"]
[Round "9.4"]
[White "Gikas, Andreas Basilius"]
[Black "Schaefer, Juergen"]
[Result "1-0"]
[WhiteElo "2158"]
[BlackElo "2129"]
[PlyCount "59"]
[EventDate "2018.10.28"]
[EventType "team-tourn"]
[EventRounds "11"]
[EventCountry "GER"]
[SourceTitle "EXT 2022"]
[Source "ChessBase"]
[SourceDate "2021.10.06"]
[SourceVersion "1"]
[SourceVersionDate "2021.10.06"]
[SourceQuality "1"]
[WhiteTeam "Bonn Beuel"]
[BlackTeam "Bruehl"]
[WhiteTeamCountry "GER"]
[BlackTeamCountry "GER"]

1. e4 d6 2. d4 Nf6 3. Nc3 g6 4. Bg5 Bg7 5. Qd2 c6 6. f4 b5 7. Bd3 Qb6 8. Nf3 Bg4 9. e5 Bxf3 10. gxf3 dxe5 11. fxe5 Nh5 12. Be3 0-0 13. Ne4 f5 14. Nc5 f4 15. Bf2 Re8 16. Bxg6 hxg6 17. Qd3 Na6 18. Nxa6 Qxa6 19. Qxg6 Qa5+ 20. Ke2 Qb4 21. b3 Qc3 22. Rag1 Red8 23. Rg5 Rxd4 24. Bxd4 Qxd4 25. Qe6+ Kf8 26. Rf5+ Nf6 27. exf6 exf6 28. Rd1 Qc3 29. Rd7 a6 30. Qf7# 1-0

[Event "Mittelrhein Regionalliga 18/19"]
[Site "Nordrheinwestfalen"]
[Date "2018.10.28"]
[Round "3.4"]
[White "Dischinger, Frank"]
[Black "Schaefer, Juergen"]
[Result "0-1"]
[WhiteElo "2030"]
[BlackElo "2129"]
[PlyCount "80"]
[EventDate "2018.10.28"]
[EventType "team-tourn"]
[EventRounds "11"]
[EventCountry "GER"]
[SourceTitle "EXT 2022"]
[Source "ChessBase"]
[SourceDate "2021.10.06"]
[SourceVersion "1"]
[SourceVersionDate "2021.10.06"]
[SourceQuality "1"]
[WhiteTeam "Aachen SV II"]
[BlackTeam "Bruehl"]
[WhiteTeamCountry "GER"]
[BlackTeamCountry "GER"]

1. e4 g6 2. d4 Bg7 3. Nc3 d6 4. Bg5 Nc6 5. Bb5 Bd7 6. Nge2 a6 7. Bc4 b5 8. Bd5 h6 9. Bh4 g5 10. Bg3 e6 11. Bxc6 Bxc6 12. d5 b4 13. Nd4 bxc3 14. bxc3 Bxd4 15. Qxd4 e5 16. Bxe5 f6 17. Bg3 Bd7 18. 0-0 Qb8 19. e5 dxe5 20. Bxe5 Qb6 21. Qe4 Kf7 22. Rab1 Qc5 23. Bd4 Qd6 24. c4 Ne7 25. Rb7 Bc8 26. Rb3 Bf5 27. Qf3 h5 28. Re1 g4 29. Qe3 Rae8 30. Qd2 Bc8 31. Bb2 Nf5 32. Ba3 Qf4 33. Bb4 Rxe1+ 34. Qxe1 Re8 35. Qf1 Nd4 36. g3 Qe4 37. Re3 Qxc2 38. Rxe8 Nf3+ 39. Kg2 Kxe8 40. Bc5 Bf5 0-1

[Event "NRW Class1 1718"]
[Site "Germany"]
[Date "2017.12.17"]
[Round "4.3"]
[White "Tillmann, Markus"]
[Black "Schaefer, Juergen"]
[Result "0-1"]
[WhiteElo "2064"]
[BlackElo "2164"]
[PlyCount "54"]
[EventDate "2017.09.17"]
[EventType "team-tourn"]
[EventRounds "9"]
[EventCountry "GER"]
[SourceTitle "EXT 2019"]
[Source "ChessBase"]
[SourceDate "2018.10.10"]
[SourceVersion "1"]
[SourceVersionDate "2018.10.10"]
[SourceQuality "1"]
[WhiteTeam "Sundern"]
[BlackTeam "Bruehl"]
[WhiteTeamCountry "GER"]
[BlackTeamCountry "GER"]

1. Nf3 g6 2. e4 Bg7 3. Bc4 c6 4. 0-0 d5 5. Bb3 Nf6 6. e5 Ng4 7. d4 h5 8. Nc3 Nh6 9. Ne2 Bg4 10. Nf4 e6 11. Qd3 Bf5 12. Qe2 Nd7 13. Bd2 Bg4 14. c3 Nf5 15. Qd3 a6 16. Bd1 Bxf3 17. Bxf3 Qe7 18. b4 Nb6 19. Be2 Nc4 20. Bc1 a5 21. Nh3 axb4 22. Bg5 Qc7 23. cxb4 Qb6 24. Be3 Ra3 25. Qb1 Ncxe3 26. fxe3 Rxe3 27. Bd3 Qxd4 0-1

[Event "NRW Class1 1617"]
[Site "Germany"]
[Date "2017.03.05"]
[Round "7"]
[White "Busch, Christian"]
[Black "Schaefer, Juergen"]
[Result "0-1"]
[WhiteElo "2140"]
[BlackElo "2163"]
[PlyCount "100"]
[EventDate "2016.09.25"]
[EventType "team-tourn"]
[EventRounds "9"]
[EventCountry "GER"]
[SourceTitle "EXT 2023"]
[Source "ChessBase"]
[SourceDate "2022.10.05"]
[SourceVersion "1"]
[SourceVersionDate "2022.10.05"]
[SourceQuality "1"]
[WhiteTeam "Ratingen"]
[BlackTeam "Bruehl"]
[WhiteTeamCountry "GER"]
[BlackTeamCountry "GER"]

1. d4 g6 2. e4 Bg7 3. c4 d6 4. Nc3 a6 5. Be3 Nc6 6. d5 Ne5 7. h3 c5 8. Qd2 Nf6 9. Be2 0-0 10. f4 Ned7 11. g4 b5 12. cxb5 axb5 13. Bxb5 Rb8 14. a4 Qa5 15. Rb1 Qb4 16. Bd3 Nb6 17. Nge2 Nc4 18. Bxc4 Qxc4 19. Qc2 Ba6 20. Kf2 Qd3 21. Qxd3 Bxd3 22. Rbd1 Nxe4+ 23. Kf3 Bxe2+ 24. Nxe2 Rxb2 25. Kxe4 Rxe2 26. Rd2 Rxd2 27. Bxd2 Rb8 28. Kd3 e6 29. dxe6 fxe6 30. Kc4 Bd4 31. a5 d5+ 32. Kd3 Rb3+ 33. Kc2 Rb2+ 34. Kd3 Kf7 35. Rc1 Ke7 36. Bc3 Rb3 37. a6 Ra3 38. Ra1 Rxc3+ 39. Kd2 c4 40. a7 Rd3+ 41. Ke2 Re3+ 42. Kd1 Bxa7 43. Rxa7+ Kd6 44. Rxh7 Kc5 45. Rh6 Kd4 46. Rxg6 Kd3 47. f5 e5 48. Ra6 c3 49. Ra3 Rxh3 50. Ke1 Rg3 0-1

[Event "NRW Class1 1617"]
[Site "Germany"]
[Date "2016.10.23"]
[Round "2.2"]
[White "Gruen, Gerd Peter"]
[Black "Schaefer, Juergen"]
[Result "1-0"]
[WhiteElo "2334"]
[BlackElo "2163"]
[PlyCount "123"]
[EventDate "2016.09.25"]
[EventType "team-tourn"]
[EventRounds "9"]
[EventCountry "GER"]
[SourceTitle "EXT 2023"]
[Source "ChessBase"]
[SourceDate "2022.10.05"]
[SourceVersion "1"]
[SourceVersionDate "2022.10.05"]
[SourceQuality "1"]
[WhiteTeam "Bielefeld"]
[BlackTeam "Bruehl"]
[WhiteTeamCountry "GER"]
[BlackTeamCountry "GER"]

1. d4 g6 2. Nf3 Bg7 3. g3 d6 4. Bg2 Nd7 5. c4 e5 6. Nc3 Ne7 7. 0-0 0-0 8. e4 exd4 9. Nxd4 Nc6 10. Nxc6 bxc6 11. Bd2 Rb8 12. b3 Nc5 13. Qc2 Ne6 14. Rae1 Nd4 15. Qc1 Bd7 16. Bh6 Qf6 17. Bxg7 Qxg7 18. c5 Nb5 19. Nxb5 Rxb5 20. cxd6 cxd6 21. Rd1 d5 22. exd5 cxd5 23. Rxd5 Rxd5 24. Bxd5 Rc8 25. Qd2 Bf5 26. Re1 Qf6 27. h4 Kg7 28. Qe3 a5 29. Bc4 a4 30. Qe5 a3 31. f3 Rd8 32. Qxf6+ Kxf6 33. g4 Be6 34. Bxe6 fxe6 35. Kf2 Rd2+ 36. Re2 Rb2 37. Ke3 g5 38. hxg5+ Kxg5 39. Kd3 Rb1 40. Kc3 Kf4 41. Kb4 Rb2 42. Rxe6 Rxa2 43. Rf6+ Kg3 44. g5 Ra1 45. Rh6 Kxf3 46. Rxh7 a2 47. Ka3 Rg1 48. Kxa2 Rxg5 49. Re7 Rg8 50. b4 Rb8 51. Kb3 Kf4 52. Kc4 Rc8+ 53. Kd5 Rb8 54. Kc5 Rc8+ 55. Kb6 Rb8+ 56. Rb7 Rh8 57. b5 Ke5 58. Rd7 Ke6 59. Kc7 Rh5 60. Rd6+ Ke7 61. b6 Rb5 62. Rc6 1-0

[Event "Mittelrhein Regionalliga 15/16"]
[Site "Nordrheinwestfalen"]
[Date "2016.03.13"]
[Round "8.3"]
[White "Christensen, Niels"]
[Black "Schaefer, Juergen"]
[Result "0-1"]
[WhiteElo "2194"]
[BlackElo "2175"]
[PlyCount "56"]
[EventDate "2015.09.27"]
[EventType "team-tourn"]
[EventRounds "9"]
[EventCountry "GER"]
[SourceTitle "EXT 2022"]
[Source "ChessBase"]
[SourceDate "2021.10.06"]
[SourceVersion "1"]
[SourceVersionDate "2021.10.06"]
[SourceQuality "1"]
[WhiteTeam "Bonn Beuel"]
[BlackTeam "Bruehl"]
[WhiteTeamCountry "GER"]
[BlackTeamCountry "GER"]

1. d4 g6 2. c4 Bg7 3. Nc3 c5 4. d5 Bxc3+ 5. bxc3 f5 6. Nf3 Nf6 7. Bf4 d6 8. e3 Qa5 9. Qc2 b5 10. Nd2 Nbd7 11. Be2 bxc4 12. Nxc4 Qc7 13. Bf3 Ba6 14. Qa4 Bxc4 15. Qxc4 Nb6 16. Qd3 Qd7 17. 0-0 Qa4 18. Rfd1 0-0 19. Bg5 Rab8 20. Rab1 Kf7 21. h4 Nc4 22. Qe2 Ne5 23. Bxf6 Kxf6 24. e4 Kg7 25. h5 f4 26. Bg4 g5 27. Bf5 h6 28. Rb2 Rxb2 0-1

[Event "Mittelrhein Regionalliga 15/16"]
[Site "Nordrheinwestfalen"]
[Date "2015.11.15"]
[Round "3.3"]
[White "Schaefer, Juergen"]
[Black "Moerschbach, Udo"]
[Result "1-0"]
[WhiteElo "2175"]
[BlackElo "2081"]
[PlyCount "129"]
[EventDate "2015.09.27"]
[EventType "team-tourn"]
[EventRounds "9"]
[EventCountry "GER"]
[SourceTitle "EXT 2022"]
[Source "ChessBase"]
[SourceDate "2021.10.06"]
[SourceVersion "1"]
[SourceVersionDate "2021.10.06"]
[SourceQuality "1"]
[WhiteTeam "Bruehl"]
[BlackTeam "Koeln SF II"]
[WhiteTeamCountry "GER"]
[BlackTeamCountry "GER"]

1. e4 c5 2. Nc3 e6 3. f4 a6 4. Nf3 b5 5. d3 Bb7 6. Qe2 Nf6 7. e5 Nd5 8. a4 Qb6 9. Ne4 Nc6 10. g3 Be7 11. Bg2 f5 12. axb5 Nd4 13. Nxd4 cxd4 14. Nd6+ Bxd6 15. exd6 0-0 16. bxa6 Qxd6 17. Qe5 Qxe5+ 18. fxe5 Nb4 19. Bxb7 Nxc2+ 20. Ke2 Nxa1 21. b4 Ra7 22. Bg5 Nc2 23. Be7 Rb8 24. Rc1 Nxb4 25. Bxb4 Rbxb7 26. axb7 Rxb7 27. Rc4 Rb5 28. Bc5 Rb2+ 29. Kf3 Rxh2 30. Bxd4 Rd2 31. Rc3 Kf7 32. Be3 Rb2 33. Rc8 Rb3 34. Ke2 Rb2+ 35. Bd2 g5 36. Rd8 f4 37. gxf4 gxf4 38. Rxd7+ Kg6 39. Rd4 Kf5 40. Rxf4+ Kxe5 41. Rf7 Ra2 42. Rxh7 Kd5 43. Rd7+ Ke5 44. Ke3 Rc2 45. Be1 Rc6 46. Bg3+ Kf5 47. Rf7+ Kg6 48. Rf8 Kg7 49. Rf1 Kg6 50. Be5 Ra6 51. Ke4 Ra4+ 52. d4 Ra6 53. Rf6+ Kg5 54. Rf7 Kg6 55. Rg7+ Kh6 56. Rg2 Ra1 57. Bf4+ Kh7 58. Rg3 Ra5 59. Rg5 Ra1 60. Be3 Ra6 61. Ke5 Ra3 62. Rg3 Ra6 63. Kf6 Rc6 64. Rg7+ Kh8 65. Rd7 1-0

[Event "Mittelrhein Regionalliga 15/16"]
[Site "Nordrheinwestfalen"]
[Date "2015.09.27"]
[Round "1.2"]
[White "Schaefer, Juergen"]
[Black "Stoeber, Michael"]
[Result "0-1"]
[WhiteElo "2175"]
[BlackElo "2194"]
[PlyCount "72"]
[EventDate "2015.09.27"]
[EventType "team-tourn"]
[EventRounds "9"]
[EventCountry "GER"]
[SourceTitle "EXT 2022"]
[Source "ChessBase"]
[SourceDate "2021.10.06"]
[SourceVersion "1"]
[SourceVersionDate "2021.10.06"]
[SourceQuality "1"]
[WhiteTeam "Bruehl"]
[BlackTeam "Langenfeld"]
[WhiteTeamCountry "GER"]
[BlackTeamCountry "GER"]

1. e4 d6 2. d4 Nf6 3. Bd3 g6 4. Bg5 Bg7 5. f4 c5 6. e5 Nd5 7. Qf3 dxe5 8. dxe5 Nb4 9. Na3 Nxd3+ 10. Qxd3 Qxd3 11. cxd3 Nc6 12. Nf3 Bf5 13. Kf2 Bxd3 14. Rhd1 Ba6 15. Nc2 f6 16. exf6 exf6 17. Bh4 0-0 18. Rd5 b6 19. Rd6 Bb7 20. Rd7 Rf7 21. Rad1 Raf8 22. R7d2 Re8 23. Ne3 Na5 24. Rd7 Bc6 25. Rxf7 Kxf7 26. b3 Bh6 27. Bg3 Re4 28. Nd5 Bxd5 29. Rxd5 Ke6 30. Rd8 Bxf4 31. Bxf4 Rxf4 32. Ke3 Rg4 33. g3 Nc6 34. Re8+ Kd7 35. Rf8 Ne7 36. Ra8 Nc8 0-1

[Event "Mittelrhein Regionalliga 1415"]
[Site "Mittelrhein"]
[Date "2015.02.01"]
[Round "6.3"]
[White "Schaefer, Juergen"]
[Black "Mantau, Jan"]
[Result "1/2-1/2"]
[WhiteElo "2185"]
[BlackElo "2158"]
[PlyCount "33"]
[EventDate "2014.09.28"]
[EventType "team-tourn"]
[EventRounds "9"]
[EventCountry "GER"]
[SourceTitle "EXT 2023"]
[Source "ChessBase"]
[SourceDate "2022.10.05"]
[SourceVersion "1"]
[SourceVersionDate "2022.10.05"]
[SourceQuality "1"]
[WhiteTeam "Bruehl"]
[BlackTeam "Godesberg II"]
[WhiteTeamCountry "GER"]
[BlackTeamCountry "GER"]

1. e4 c5 2. Na3 d6 3. Bb5+ Bd7 4. Bxd7+ Qxd7 5. f4 Nc6 6. Nf3 g6 7. 0-0 Bg7 8. d3 e6 9. c3 Nge7 10. Nc4 b5 11. Ne3 0-0 12. Qe1 f5 13. Qh4 d5 14. a4 a6 15. Nc2 fxe4 16. dxe4 dxe4 17. axb5 1/2-1/2

[Event "Mittelrhein Regionalliga 1415"]
[Site "Mittelrhein"]
[Date "2015.01.11"]
[Round "5.3"]
[White "Esser, Thomas"]
[Black "Schaefer, Juergen"]
[Result "0-1"]
[WhiteElo "2038"]
[BlackElo "2185"]
[PlyCount "74"]
[EventDate "2014.09.28"]
[EventType "team-tourn"]
[EventRounds "9"]
[EventCountry "GER"]
[SourceTitle "EXT 2023"]
[Source "ChessBase"]
[SourceDate "2022.10.05"]
[SourceVersion "1"]
[SourceVersionDate "2022.10.05"]
[SourceQuality "1"]
[WhiteTeam "Horrem"]
[BlackTeam "Bruehl"]
[WhiteTeamCountry "GER"]
[BlackTeamCountry "GER"]

1. d4 g6 2. c4 Bg7 3. Nf3 d6 4. g3 Nc6 5. d5 Ne5 6. Nxe5 Bxe5 7. Bg2 Bg7 8. 0-0 Bd7 9. Qd3 Qc8 10. Nc3 h5 11. h4 Nf6 12. Bg5 Ng4 13. e4 Ne5 14. Qe2 Bh3 15. Kh2 Bd7 16. Rfe1 c5 17. Qf1 a6 18. f4 Ng4+ 19. Kh1 f6 20. e5 0-0 21. Bxf6 exf6 22. e6 Be8 23. Ne4 f5 24. e7 Rf6 25. Nxf6+ Nxf6 26. Re6 Qd7 27. a4 Bf7 28. Re2 Re8 29. Qe1 Ng4 30. Bf3 Bf6 31. Bxg4 fxg4 32. Ra3 Rxe7 33. Rxe7 Bxe7 34. a5 Bf6 35. Rb3 Qa4 36. Rb6 Qxc4 37. Rxd6 Bxd5+ 0-1

[Event "Mittelrhein Regionalliga 1314"]
[Site "Mittelrhein"]
[Date "2014.03.09"]
[Round "8.3"]
[White "Schipp, Cyrill"]
[Black "Schaefer, Juergen"]
[Result "1/2-1/2"]
[WhiteElo "1974"]
[BlackElo "2154"]
[PlyCount "121"]
[EventDate "2013.09.15"]
[EventType "team-tourn"]
[EventRounds "11"]
[EventCountry "GER"]
[SourceTitle "EXT 2023"]
[Source "ChessBase"]
[SourceDate "2022.10.05"]
[SourceVersion "1"]
[SourceVersionDate "2022.10.05"]
[SourceQuality "1"]
[WhiteTeam "Langenfeld II"]
[BlackTeam "Bruehl"]
[WhiteTeamCountry "GER"]
[BlackTeamCountry "GER"]

1. e4 d6 2. d4 Nf6 3. Nc3 g6 4. Nf3 Bg7 5. Be2 0-0 6. 0-0 c6 7. e5 dxe5 8. Nxe5 Nbd7 9. f4 Qc7 10. Be3 Nb6 11. Qe1 Nbd5 12. Nxd5 Nxd5 13. Qg3 Bf5 14. c3 Qb6 15. Nc4 Qc7 16. Qf3 Rac8 17. g4 Bxg4 18. Qxg4 b5 19. f5 bxc4 20. fxg6 Nxe3 21. Qh3 hxg6 22. Qxe3 Bf6 23. Qh6 Qd6 24. Bxc4 Bxd4+ 25. Kh1 Bg7 26. Qh3 Rb8 27. Rad1 Qc5 28. Bb3 a5 29. Qg4 Qe5 30. Rde1 Qc5 31. Rd1 Qe3 32. Rf3 Qe2 33. Rdf1 Rxb3 34. axb3 Qxb2 35. Qc4 Be5 36. R3f2 Qxc3 37. Rxf7 Rxf7 38. Qxf7+ Kh8 39. Qf8+ Kh7 40. Qxe7+ Bg7 41. Qh4+ Kg8 42. Qc4+ Qxc4 43. bxc4 a4 44. Rd1 a3 45. Rd8+ Kh7 46. Ra8 Bb2 47. Kg2 Kh6 48. Kf3 Kg5 49. Ke4 Kg4 50. Kd3 g5 51. Kc2 Be5 52. Rxa3 Bxh2 53. Kd2 Kf4 54. Ke2 g4 55. Kf2 Ke4 56. Ra6 c5 57. Rg6 Kd3 58. Rxg4 Be5 59. Rg5 Bd4+ 60. Kf3 Kxc4 61. Rxc5+ 1/2-1/2

[Event "Mittelrhein Regionalliga 1314"]
[Site "Mittelrhein"]
[Date "2014.02.09"]
[Round "7.3"]
[White "Schaefer, Juergen"]
[Black "Kloss, Henning"]
[Result "1/2-1/2"]
[WhiteElo "2154"]
[BlackElo "2121"]
[PlyCount "83"]
[EventDate "2013.09.15"]
[EventType "team-tourn"]
[EventRounds "11"]
[EventCountry "GER"]
[SourceTitle "EXT 2023"]
[Source "ChessBase"]
[SourceDate "2022.10.05"]
[SourceVersion "1"]
[SourceVersionDate "2022.10.05"]
[SourceQuality "1"]
[WhiteTeam "Bruehl"]
[BlackTeam "Koeln Lasker"]
[WhiteTeamCountry "GER"]
[BlackTeamCountry "GER"]

1. e4 c5 2. Na3 g6 3. c3 Bg7 4. Nf3 Nc6 5. Bb5 Nf6 6. d4 cxd4 7. cxd4 Nxe4 8. d5 Qa5+ 9. Kf1 Ne5 10. Nxe5 Bxe5 11. Qe2 f5 12. g3 0-0 13. Kg2 a6 14. Bd3 b5 15. f3 Nc5 16. Bd2 Qc7 17. Rac1 Bxb2 18. Bf4 Qb6 19. Rxc5 Bxa3 20. Rc2 Bd6 21. Bh6 Rf7 22. Rhc1 Bb7 23. a4 Ba3 24. Rb1 Bxd5 25. axb5 a5 26. Be3 Qb7 27. b6 Bd6 28. Bc4 Bxc4 29. Qxc4 a4 30. Rbc1 a3 31. Qb3 f4 32. gxf4 e6 33. Qd3 Qd5 34. Rc8+ Rf8 35. Rxf8+ Rxf8 36. Qa6 Bxf4 37. Bxf4 Rxf4 38. Qxa3 Rxf3 39. Qxf3 Qd2+ 40. Kg3 Qxc1 41. Qa8+ Kg7 42. b7 1/2-1/2

[Event "Mittelrhein Regionalliga 1314"]
[Site "Mittelrhein"]
[Date "2013.11.24"]
[Round "4.3"]
[White "Schaefer, Juergen"]
[Black "Van Dooren, Dirk"]
[Result "1-0"]
[WhiteElo "2154"]
[BlackElo "2253"]
[PlyCount "49"]
[EventDate "2013.09.15"]
[EventType "team-tourn"]
[EventRounds "11"]
[EventCountry "GER"]
[SourceTitle "EXT 2023"]
[Source "ChessBase"]
[SourceDate "2022.10.05"]
[SourceVersion "1"]
[SourceVersionDate "2022.10.05"]
[SourceQuality "1"]
[WhiteTeam "Bruehl"]
[BlackTeam "Aachen DJK Aufwaerts II"]
[WhiteTeamCountry "GER"]
[BlackTeamCountry "GER"]

1. e4 e5 2. d4 exd4 3. Qxd4 Nc6 4. Qe3 g6 5. Nc3 Bg7 6. Bd2 Nf6 7. 0-0-0 0-0 8. h4 Re8 9. Qg3 b5 10. h5 b4 11. hxg6 hxg6 12. Nd5 Nxe4 13. Qh4 Nxd2 14. Qxd8 Nxd8 15. Nxc7 Re5 16. Nxa8 Nxf1 17. Nc7 Rc5 18. Ne8 Bb7 19. Nf3 Be4 20. Ne1 Be5 21. Rxf1 d5 22. f3 Bf5 23. g4 Rc8 24. gxf5 Nc6 25. f4 1-0

[Event "Regionalliga Mittelrhein 1213"]
[Site "Germany"]
[Date "2013.05.05"]
[Round "10.3"]
[White "Koehler, Christian Friedrich"]
[Black "Schaefer, Juergen"]
[Result "1-0"]
[WhiteElo "2097"]
[BlackElo "2092"]
[PlyCount "119"]
[EventDate "2012.09.09"]
[EventType "team"]
[EventRounds "11"]
[EventCountry "GER"]
[SourceTitle "EXT 2015"]
[Source "ChessBase"]
[SourceDate "2014.11.20"]
[SourceVersion "1"]
[SourceVersionDate "2014.11.20"]
[SourceQuality "1"]
[WhiteTeam "Godesberg IV"]
[BlackTeam "Bruehl"]
[WhiteTeamCountry "GER"]
[BlackTeamCountry "GER"]

1. Nf3 g6 2. g3 Bg7 3. Bg2 e5 4. e4 Nc6 5. 0-0 d6 6. Re1 Nf6 7. c3 0-0 8. d4 Re8 9. d5 Ne7 10. b4 Rf8 11. c4 a5 12. Ba3 Nd7 13. Nbd2 axb4 14. Bxb4 h6 15. Nb3 f5 16. Nfd2 b6 17. f3 h5 18. a4 Bh6 19. a5 bxa5 20. Rxa5 Rb8 21. Bc3 Nf6 22. c5 fxe4 23. fxe4 Ng4 24. Nc4 Nf2 25. Qc2 Bh3 26. Re2 Bxg2 27. Kxg2 Ng4 28. h3 Nf6 29. Ra6 Nc8 30. Nba5 Rb5 31. Na3 Qe8 32. Nxb5 Qxb5 33. Ra8 h4 34. Nc6 Kh7 35. cxd6 cxd6 36. g4 Qb7 37. Ra1 Qd7 38. Rf1 Bf4 39. Nb8 Qb5 40. Nc6 Qc4 41. Rxf4 exf4 42. Bxf6 f3+ 43. Kxf3 Rxf6+ 44. Ke3 Qa6 45. Qa2 Qb6+ 46. Nd4 Rf7 47. Qb2 Qd8 48. Ne6 Qe7 49. Rc2 Qa7+ 50. Qd4 Qb8 51. Ng5+ Kg8 52. Nxf7 Kxf7 53. g5 Ne7 54. Qf6+ Kg8 55. Rb2 Qa7+ 56. Kf4 Qc7 57. Kg4 Kh7 58. Rf2 Nxd5 59. exd5 Qc4+ 60. Qf4 1-0

[Event "Mittelrhein-chT 1112"]
[Site "Germany"]
[Date "2012.05.20"]
[Round "13.3"]
[White "Botvinnik, July"]
[Black "Schaefer, Juergen"]
[Result "0-1"]
[WhiteElo "1994"]
[BlackElo "2077"]
[PlyCount "150"]
[EventDate "2011.09.11"]
[EventType "team-tourn"]
[EventRounds "13"]
[EventCountry "GER"]
[SourceTitle "EXT 2013"]
[Source "ChessBase"]
[SourceDate "2012.11.22"]
[SourceVersion "1"]
[SourceVersionDate "2012.11.22"]
[SourceQuality "1"]
[WhiteTeam "Koeln Muelheim"]
[BlackTeam "Bruehl"]
[WhiteTeamCountry "GER"]
[BlackTeamCountry "GER"]

1. d4 g6 2. e4 Bg7 3. Nf3 d6 4. Bc4 e6 5. 0-0 a6 6. c3 b5 7. Bd3 Bb7 8. a4 bxa4 9. Qxa4+ Nd7 10. Be3 Ne7 11. Nbd2 0-0 12. Qc2 h6 13. Ne1 Kh7 14. f4 f5 15. Ndf3 Nf6 16. e5 Ne4 17. Bc4 Nd5 18. Bxd5 Bxd5 19. c4 Bb7 20. Qc1 Qd7 21. Nd3 a5 22. Qe1 a4 23. Nf2 Qc6 24. Nxe4 Qxe4 25. Qf2 dxe5 26. dxe5 Rfd8 27. Ra3 Qc6 28. Nd4 Qd7 29. Nf3 Be4 30. Rc1 Rab8 31. Bc5 Qc6 32. h3 Rd7 33. Rac3 Rbd8 34. Ba3 Rd1+ 35. Kh2 Bxf3 36. Qxf3 Qxf3 37. gxf3 g5 38. Rxd1 Rxd1 39. c5 Rd4 40. c6 Rd2+ 41. Kh1 Rd1+ 42. Kg2 Rd8 43. Bd6 Rc8 44. fxg5 hxg5 45. h4 gxh4 46. Rc4 Kg6 47. f4 Kh5 48. Ba3 Kg4 49. Rxa4 h3+ 50. Kh1 Bh6 51. Bc5 Bf8 52. Bg1 Be7 53. Rd4 Bc5 54. Rd7 Bxg1 55. Kxg1 Kxf4 56. b4 Kxe5 57. Kh2 Rb8 58. Kxh3 Rxb4 59. Rxc7 Rc4 60. Rc8 Kd6 61. Kg3 Rxc6 62. Rd8+ Ke5 63. Kf3 Rc3+ 64. Ke2 Ke4 65. Ra8 Rc2+ 66. Kd1 Rc4 67. Ra3 f4 68. Kd2 e5 69. Rb3 Ra4 70. Rb5 Ra2+ 71. Ke1 f3 72. Rb4+ Ke3 73. Rb3+ Kf4 74. Rb8 e4 75. Rb4 Kg3 0-1

[Event "Mittelrhein-chT 1112"]
[Site "Germany"]
[Date "2012.03.18"]
[Round "10.3"]
[White "Schaefer, Juergen"]
[Black "Florstedt, Johannes"]
[Result "1-0"]
[WhiteElo "2077"]
[BlackElo "2006"]
[PlyCount "63"]
[EventDate "2011.09.11"]
[EventType "team-tourn"]
[EventRounds "13"]
[EventCountry "GER"]
[SourceTitle "EXT 2013"]
[Source "ChessBase"]
[SourceDate "2012.11.22"]
[SourceVersion "1"]
[SourceVersionDate "2012.11.22"]
[SourceQuality "1"]
[WhiteTeam "Bruehl"]
[BlackTeam "Godesberg III"]
[WhiteTeamCountry "GER"]
[BlackTeamCountry "GER"]

1. e4 e6 2. d4 d5 3. Nc3 Bb4 4. Nge2 Nf6 5. Bg5 dxe4 6. a3 Be7 7. Bxf6 gxf6 8. Nxe4 b6 9. c4 Bb7 10. N4c3 0-0 11. h4 f5 12. Qd2 Kh8 13. d5 c6 14. g3 cxd5 15. cxd5 a6 16. Bg2 Bd6 17. Rd1 e5 18. Qh6 Rg8 19. Bh3 Bc8 20. Qh5 Qf6 21. Qf3 Rg6 22. h5 Rh6 23. Ne4 fxe4 24. Qxf6+ Rxf6 25. Bxc8 Bc5 26. Nc3 Bxf2+ 27. Ke2 Bd4 28. Nxe4 Rh6 29. g4 f6 30. Rc1 Bc5 31. b4 Nc6 32. dxc6 1-0

[Event "Mittelrhein-chT 1112"]
[Site "Germany"]
[Date "2011.11.13"]
[Round "4.3"]
[White "Serbu, Eli"]
[Black "Schaefer, Juergen"]
[Result "1-0"]
[WhiteElo "2118"]
[BlackElo "2077"]
[PlyCount "79"]
[EventDate "2011.09.11"]
[EventType "team-tourn"]
[EventRounds "13"]
[EventCountry "GER"]
[SourceTitle "EXT 2013"]
[Source "ChessBase"]
[SourceDate "2012.11.22"]
[SourceVersion "1"]
[SourceVersionDate "2012.11.22"]
[SourceQuality "1"]
[WhiteTeam "Aachen Hoern"]
[BlackTeam "Bruehl"]
[WhiteTeamCountry "GER"]
[BlackTeamCountry "GER"]

1. e4 g6 2. d4 Bg7 3. Nf3 d6 4. h3 a6 5. Bc4 b5 6. Bb3 Bb7 7. Qe2 e6 8. a4 bxa4 9. Rxa4 Nd7 10. Bg5 Ne7 11. Nbd2 h6 12. Be3 0-0 13. 0-0 Kh7 14. c3 Qc8 15. Rfa1 Nb6 16. R4a2 f5 17. exf5 Nxf5 18. Bf4 Nd5 19. Bh2 Qd7 20. Bc4 Rae8 21. Bxa6 Bc6 22. Ra5 e5 23. dxe5 dxe5 24. Bb5 e4 25. Bxc6 Qxc6 26. Ne1 e3 27. Ndf3 exf2+ 28. Qxf2 Nfe3 29. Ra6 Qd7 30. Qg3 Nf4 31. Qh4 Qb5 32. Bxf4 Qf1+ 33. Kh2 Nxg2 34. Nxg2 Qxf3 35. Qg3 Qh5 36. R1a5 g5 37. Bxc7 Qd1 38. Qg4 Qxg4 39. hxg4 Re2 40. Rf5 1-0